Postavenie slovenských domácností v procese transformačného obdobia, ich príjmy a výdavky
Štruktúra domácností v Slovenskej republike. Vývoj peňažných príjmov obyvateľstva. Vývoj spotrebiteľských cien. Príjmy a výdavky slovenských domácností. Členenie domácností podľa čistého mesačného príjmu.
Enregistré dans:
| Auteur principal: | |
|---|---|
| Format: | Chapitre de livre |
| Langue: | slovaque |
| Sujets: | |
| Tags: |
Pas de tags, Soyez le premier à ajouter un tag!
|
MARC
| LEADER | 00000naa a2200000 4500 | ||
|---|---|---|---|
| 001 | r034293 | ||
| 005 | 20230807090850.7 | ||
| 041 | 0 | |a slo | |
| 044 | |a SK | ||
| 245 | 1 | 0 | |a Postavenie slovenských domácností v procese transformačného obdobia, ich príjmy a výdavky |c Ľubica Azudová |
| 520 | |a Štruktúra domácností v Slovenskej republike. Vývoj peňažných príjmov obyvateľstva. Vývoj spotrebiteľských cien. Príjmy a výdavky slovenských domácností. Členenie domácností podľa čistého mesačného príjmu. | ||
| 610 | 2 | 0 | |a príjmy obyvateľstva |
| 610 | 2 | 0 | |a domácnosti |
| 610 | 2 | 0 | |a ceny kúpne |
| 610 | 2 | 0 | |a ceny spotrebiteľské |
| 610 | 2 | 0 | |a výdavky obyvateľstva |
| 610 | 2 | 0 | |a skupiny sociálne |
| 610 | 2 | 0 | |a kôš spotrebný |
| 610 | 2 | 0 | |a Slovensko |
| 100 | 1 | |a Azudová, Ľubica | |